000 01657cam a2200157 4500500
005 20260208005942.0
041 _afre
042 _adc
100 1 0 _aO’Dea, Michael
_eauthor
245 0 0 _aAndré Chénier relu par Sainte-Beuve dans Vie, poésies et pensées de Joseph Delorme
260 _c2009.
500 _a86
520 _aCet article revient sur la place exceptionnelle réservée à André Chénier par Sainte-Beuve dans Vie, Poésies et Pensées de Joseph Delorme (1829). Si l’éloge de la souplesse du vers de Chénier trouve facilement un écho chez le lecteur moderne, l’admiration que Sainte-Beuve manifeste pour le vocabulaire du poète peut surprendre. Chénier serait-il vraiment le poète du pittoresque, le fondateur méconnu de l’école moderne de 1829 ? Un bref retour sur l’œuvre de quelques contemporains et proches prédécesseurs suggère que Chénier n’innove pas radicalement dans le domaine lexical, où une évolution graduelle est en cours depuis le milieu du XVIIIe siècle. Sa force serait plutôt dans l’efficacité des quelques touches « pittoresques » qu’il se permet, habilement employées au milieu de termes abstraits et nobles pour mieux les mettre en relief. Le propos de Sainte-Beuve trouve sans doute sa raison dans les polémiques de sa propre époque, mais par son caractère excessif il aide à préciser la véritable démarche du poète qu’il admire.
786 0 _nRevue d'histoire littéraire de la France | 109 | 1 | 2009-02-17 | p. 101-119 | 0035-2411
856 4 1 _uhttps://shs.cairn.info/revue-d-histoire-litteraire-de-la-france-2009-1-page-101?lang=fr&redirect-ssocas=7080
999 _c1654547
_d1654547